| 000 | 00446nam a2200181Ia 4500 | ||
|---|---|---|---|
| 001 | 25341 | ||
| 005 | 20260414151143.0 | ||
| 008 | 260414t2015||||xx |||||||||||||| ||spa|| | ||
| 041 | _aESP | ||
| 082 |
_a346.5 _bB94 |
||
| 100 |
_aBurrows, Andrew _eAUT |
||
| 245 | 0 |
_aPrinciples of the english law of obligations _b |
|
| 260 | _c2015 | ||
| 300 |
_alxxiv, 402 páginas : _c25 cm. |
||
| 650 | _aDER | ||
| 654 | _aCDE | ||
| 942 |
_cLIB _dJUS _fJUS _2ddc _n |
||
| 999 |
_c25341 _d25341 |
||